Educational and Mental Measurement. (Record no. 10978)

000 -LEADER
fixed length control field 00551nam a22001457a 4500
008 - FIXED-LENGTH DATA ELEMENTS--GENERAL INFORMATION
fixed length control field 160107b xxu||||| |||| 00| 0 eng d
020 ## - INTERNATIONAL STANDARD BOOK NUMBER
International Standard Book Number 9788131301432
050 ## - LIBRARY OF CONGRESS CALL NUMBER
Classification number LB 1131 .S35 2010
100 ## - MAIN ENTRY--PERSONAL NAME
Personal name Singh, Kumar Yogesh.
Dates associated with a name 2010
245 ## - TITLE STATEMENT
Title Educational and Mental Measurement.
Statement of responsibility, etc. Dr.Yogesh Kumar Singh
260 ## - PUBLICATION, DISTRIBUTION, ETC. (IMPRINT)
Place of publication, distribution, etc. New Delhi
Name of publisher, distributor, etc. A P H Publishing
Date of publication, distribution, etc. 2010
300 ## - PHYSICAL DESCRIPTION
Extent 360p;ill
600 ## - SUBJECT ADDED ENTRY--PERSONAL NAME
Source of heading or term Modified Syllabus of Indian Universities/B.Ed Training institutes and Colleges/Department of Education.
942 ## - ADDED ENTRY ELEMENTS (KOHA)
Source of classification or shelving scheme
Koha item type Hard Covered Materials
Classification part LB 1131 .S35 2010
Koha issues (borrowed), all copies 1
Holdings
Withdrawn status Lost status Source of classification or shelving scheme Damaged status Not for loan Home library Current library Date acquired Total Checkouts Full call number Barcode Date last seen Date last checked out Price effective from Koha item type
          MACHAKOS UNIVERSITY LIBRARY MACHAKOS UNIVERSITY LIBRARY 07/01/2016 2 LB 1131 .S35 2010 3737 04/06/2019 10/12/2018 07/01/2016 Hard Covered Materials
© Machakos University Library, Along The Highway, Machakos Wote Rd, Machakos, Kenya P.O. Box 136 - 90100 Machakos - Kenya

Tel: ( +254 ) 723 805829 OR Fax : 044-20353 OR Email: library@mksu.ac.ke